| 000 | 01154nac a22003131u 4500 | ||
|---|---|---|---|
| 010 | _a96186971 | ||
| 020 | _a0700704108 | ||
| 082 | 0 | 0 |
_a306.440956 _bLAN |
| 090 |
_c9395 _d9395 |
||
| 100 | _a20080729 | ||
| 245 | 0 | 0 |
_aLanguage and identity in the Middle East and North Africa / _cedited by Yasir Suleiman. |
| 260 |
_aRichmond, Surrey, UK : _bCurzon Press,1996. _cc1996. |
||
| 300 |
_avii,192 p. : _bill. ; _c23 cm. |
||
| 500 | _aDistributer: Al-Ahram | ||
| 504 | _aIncludes bibliographical references. | ||
| 511 | _aCatalogued by: Sara | ||
| 650 | 0 |
_aAnthropological linguistics _zMiddle East. |
|
| 650 | 0 |
_aAnthropological linguistics _zAfrica, North. |
|
| 650 | 0 |
_aSociolinguistics _zMiddle East. |
|
| 650 | 0 |
_aSociolinguistics _zAfrica, North. |
|
| 650 | 0 |
_aEthnicity _zMiddle East. |
|
| 650 | 0 |
_aEthnicity _zAfrica, North. |
|
| 650 | 0 |
_aNationalism _zMiddle East. |
|
| 650 | 0 |
_aNationalism _zAfrica, North. |
|
| 651 | 0 |
_aMiddle East _xLanguages _xPolitical aspects. |
|
| 651 | 0 |
_aAfrica, North _xLanguages _xPolitical aspects. |
|
| 700 | 1 | _aSuleiman, Yasir. | |
| 942 |
_cBB _k306.440956LAN |
||
| 999 |
_c9395 _d9395 |
||